An Introduction to management science : (Record no. 19302)
[ view plain ]
| 000 -LEADER | |
|---|---|
| fixed length control field | 00907cam a22002892 4500 |
| 001 - CONTROL NUMBER | |
| control field | 0000001643 |
| 003 - CONTROL NUMBER IDENTIFIER | |
| control field | OSt |
| 005 - DATE AND TIME OF LATEST TRANSACTION | |
| control field | 20220329155817.0 |
| 008 - FIXED-LENGTH DATA ELEMENTS--GENERAL INFORMATION | |
| fixed length control field | 070320s xx 000 0 eng d |
| 020 ## - INTERNATIONAL STANDARD BOOK NUMBER | |
| International Standard Book Number | 8131518342 |
| 040 ## - CATALOGING SOURCE | |
| Original cataloging agency | KABU |
| Transcribing agency | KABU |
| 050 #0 - LIBRARY OF CONGRESS CALL NUMBER | |
| Classification number | HD30.25 |
| Item number | .A53 2011 |
| 100 1# - MAIN ENTRY--PERSONAL NAME | |
| Personal name | Anderson, David Ray, |
| 245 13 - TITLE STATEMENT | |
| Title | An Introduction to management science : |
| Remainder of title | quantitative approaches to decision making / |
| Statement of responsibility, etc. | David R. Anderson [et ... al.]. |
| 250 ## - EDITION STATEMENT | |
| Edition statement | 13th ed. |
| 260 ## - PUBLICATION, DISTRIBUTION, ETC. (IMPRINT) | |
| Place of publication, distribution, etc. | Delhi |
| Name of publisher, distributor, etc. | South-Western |
| Date of publication, distribution, etc. | 2011. |
| 300 ## - PHYSICAL DESCRIPTION | |
| Extent | xxx, 816p. |
| 504 ## - BIBLIOGRAPHY, ETC. NOTE | |
| Bibliography, etc | Includes bibliographical references (p. A-7-A-8) and index. |
| 650 #0 - SUBJECT ADDED ENTRY--TOPICAL TERM | |
| Topical term or geographic name as entry element | Management science. |
| 700 1# - ADDED ENTRY--PERSONAL NAME | |
| Personal name | Sweeney, Dennis J. |
| 700 1# - ADDED ENTRY--PERSONAL NAME | |
| Personal name | Williams, Thomas Arthur. |
| 700 1# - ADDED ENTRY--PERSONAL NAME | |
| Personal name | Martin, Kipp |
| 908 ## - PUT COMMAND PARAMETER (RLIN) | |
| Put command parameter | 070320 |
| 942 ## - ADDED ENTRY ELEMENTS (KOHA) | |
| Source of classification or shelving scheme | Library of Congress Classification |
| Koha item type | General Collection |
| Withdrawn status | Lost status | Source of classification or shelving scheme | Not for loan | Home library | Current library | Date acquired | Cost, normal purchase price | Total Checkouts | Full call number | Barcode | Date last seen | Price effective from | Koha item type |
|---|---|---|---|---|---|---|---|---|---|---|---|---|---|
| Library of Congress Classification | Kabarak, Main Campus | Kabarak, Main Campus | 29/03/2022 | 3957.00 | HD30.25 .A53 2011 c.1 | 031699 | 02/08/2024 | 29/03/2022 | General Collection | ||||
| Library of Congress Classification | Kabarak, Main Campus | Kabarak, Main Campus | 29/03/2022 | 3957.00 | HD30.25 .A53 2011 c.2 | 031700 | 02/08/2024 | 29/03/2022 | General Collection | ||||
| Library of Congress Classification | Kabarak, Nakuru City Campus | Kabarak, Nakuru City Campus | 29/03/2022 | 3957.00 | HD30.25 .A53 2011 c.1 | 031701 | 29/03/2022 | 29/03/2022 | General Collection |